000 00444nam a2200181Ia 4500
005 20240823040610.0
008 240823s9999||||xx |||||||||||||| ||und||
041 _aENGLISH
082 _A381.1 N2
100 _aBlack Sam
245 0 _aHow to plan Exhibtions and Confrences from A to Z
250 _a1st
260 _c1992
_b"UBS,New Delhi"
500 _aYES
650 _aExhibition
_bManagement Studies
942 _cBK
999 _c203499
_d203499